| 000 | 00684nam a2200241 a 4500 | ||
|---|---|---|---|
| 008 | |||
| 020 | _a9780340860052(pbk.) | ||
| 049 | _aMAIN | ||
| 090 |
_aPE1483 _b.J327 _b JAM |
||
| 100 | 1 | _aJames, David- | |
| 245 | 1 | 0 |
_aLetter-writing skills / _cDavid James. |
| 246 | 1 | 4 | _aTeach yourself Letter-writing Skills. |
| 260 |
_aLondon : _bHodder Education, _c2003 |
||
| 300 |
_axi,126 p ; _c20 cm. |
||
| 440 | 0 | _aTeach yourself books. | |
| 500 | _aIncludes Index. | ||
| 650 | 0 | _aLetter writing. | |
| 907 |
_a.b1026789x _b08-10-09 _c01-10-09 |
||
| 003 | |||
| 005 | 20230123124951.0 | ||
| 040 | _cNUST | ||
| 942 |
_cBOOKS _kPE1483 _m.J327 _m JAM |
||
| 999 |
_c133401 _d133401 |
||